Stabilste Länder der Welt - Statistiken

Allgemein
  • Dieses Quiz wurde 234 mal gespielt
  • Das Durchschnittsergebnis liegt bei 20 aus 25
Antwortstatistiken
Platz Land Indexwert % Korrekt
2. Norwegen 16,2
99%
1. Finnland 14,6
98%
7. Schweden 18,2
98%
3. Schweiz 17,1
97%
13. Deutschland 23,2
96%
4. Dänemark 17,2
94%
8. Kanada 18,7
94%
12. Niederlande 22,9
94%
15. Österreich 24,1
94%
18. Belgien 27,1
92%
10. Australien 19,7
90%
5. Island 17,8
90%
9. Luxemburg 18,8
90%
21. Japan 32,3
89%
19. Frankreich 30,5
88%
11. Irland 19,9
88%
6. Neuseeland 17,9
87%
20. Südkorea 32
80%
14. Portugal 23,5
77%
23. Tschechien 33,6
64%
17. Singapur 26,3
61%
16. Slowenien 25,8
56%
24. Malta 35,7
55%
25. Litauen 36,5
45%
22. Uruguay 33,4
18%
Keine übereinstimmenden Quizze gefunden
Verteilung der Resultate
Anzahl Personen mit jedem Resultat
Perzentil nach korrekt beantworteten Fragen
Ihre Resultats-Entwicklung
Sie haben dieses Quiz noch nicht gespielt